MARC

LEADER 00000nam0a2200000 4500
001 307517
005 20231102002013.0
020 |a RU  |b 81-65213 
035 |a (RuTPU)RU\TPU\book\332810 
090 |a 307517 
100 |a 20151021d1981 km y0rusy5003 ca 
101 0 |a rus 
102 |a RU 
105 |a a z 001zy 
200 1 |a Новые формы обслуживания газораспределительных станций  |f Ю. Ф. Козловский, А. В. Чумаков 
210 |a Ленинград  |c Недра  |c Ленингр. отд-ние  |d 1981 
215 |a 113 с.  |c ил. 
225 1 |a Библиотека эксплуатационника магистрального газопровода 
320 |a Библиография в конце книги 
606 1 |a Газораспределительные станции  |x Эксплуатация  |x Горное дело  |2 stltpush  |3 (RuTPU)RU\TPU\subj\5198  |9 33330 
610 1 |a уход 
610 1 |a обслуживание 
610 1 |a назначение 
610 1 |a технологические схемы 
610 1 |a оборудование 
610 1 |a контрольно-измерительные приборы 
610 1 |a расход газа 
610 1 |a измерение 
610 1 |a защитная автоматика 
675 |a 622.691.5  |z rus  |v 3 
700 1 |a Козловский  |b Ю. Ф.  |g Юрий Федорович  |4 070 
701 1 |a Чумаков  |b А. В.  |g Анатолий Васильевич  |4 070 
801 0 |a RU  |b RuMRKP  |c 19950704  |g psbo 
801 1 |a RU  |b 63413507  |c 20151021 
801 2 |a RU  |b 63413507  |c 20180920  |g RCR 
942 |c BK